Implementation of Industry 4.0 in Engineering Companies

Význam a účel priemyslu 4.0 v súčasnom svete ovplyvnenom globalizáciou. Skúmanie závislosti medzi potenciálnou hrozbou priemyslu 4.0 a súčasnými zručnosťami a znalosťami pracovníkov v strojárskych spoločnostiach. Definovanie štyroch hypotéz zameraných na spojenie medzi znalosťou koncepcie priemyslu...

ver descrição completa

Na minha lista:
Detalhes bibliográficos
Autor principal: Kuba, Karel
Outros Autores: Milichovský, František
Formato: Capítulo de Livro
Idioma:inglês
Assuntos:
Tags: Adicionar Tag
Sem tags, seja o primeiro a adicionar uma tag!

MARC

LEADER 00000naa a2200000 4500
001 0257328
005 20190807114833.1
041 0 |a eng 
044 |a CZ 
245 1 0 |a Implementation of Industry 4.0 in Engineering Companies  |c Karel Kuba 
520 |a Význam a účel priemyslu 4.0 v súčasnom svete ovplyvnenom globalizáciou. Skúmanie závislosti medzi potenciálnou hrozbou priemyslu 4.0 a súčasnými zručnosťami a znalosťami pracovníkov v strojárskych spoločnostiach. Definovanie štyroch hypotéz zameraných na spojenie medzi znalosťou koncepcie priemyslu 4.0 a potenciálnymi hrozbami straty zamestnania. Použitý dotazníkový prieskum, distribuovaný do strojárskych spoločností v Českej republike, Nemecku a Kanade. Získané údaje podrobené štatistickému vyhodnoteniu nezávislosti a korešpondenčnej analýzy na zobrazenie prepojenia medzi znalosťami priemyslu 4.0 a krajinou spoločnosti. 
610 2 0 |a priemysel 4.0 
610 2 0 |a podnik strojársky 
610 2 0 |a riziko 
610 2 0 |a Česko 
610 2 0 |a Kanada 
610 2 0 |a Nemecko 
610 2 0 |a globalizácia 
610 2 0 |a hypotézy 
610 2 0 |a zamestnanie 
610 2 0 |a nezamestnanosť 
610 2 0 |a prieskum štatistický 
610 2 0 |a industrializácia 
100 1 |a Kuba, Karel 
700 1 |a Milichovský, František